Science, technology and society / (Record no. 17632)
[ view plain ]
| 000 -LEADER | |
|---|---|
| fixed length control field | 00635nam a22002417a 4500 |
| 003 - CONTROL NUMBER IDENTIFIER | |
| control field | OSt |
| 005 - DATE AND TIME OF LATEST TRANSACTION | |
| control field | 20150907074106.0 |
| 008 - FIXED-LENGTH DATA ELEMENTS--GENERAL INFORMATION | |
| fixed length control field | 130201t xxu||||| |||| 00| 0 eng d |
| 020 ## - INTERNATIONAL STANDARD BOOK NUMBER | |
| International Standard Book Number | 9715131743 |
| 050 ## - LIBRARY OF CONGRESS CALL NUMBER | |
| Classification number | Q 175 |
| Item number | .M915 2004 |
| 082 ## - DEWEY DECIMAL CLASSIFICATION NUMBER | |
| Classification number | FIL303.483 |
| Item number | M85 2004 |
| 100 ## - MAIN ENTRY--PERSONAL NAME | |
| Personal name | Mosteiro, Arnaldo Privado. |
| 245 ## - TITLE STATEMENT | |
| Title | Science, technology and society / |
| Statement of responsibility, etc | Arnaldo P. Mosteiro. |
| 260 ## - PUBLICATION, DISTRIBUTION, ETC. (IMPRINT) | |
| Place of publication, distribution, etc | Manila : |
| Name of publisher, distributor, etc | Educational Publishing House, |
| Date of publication, distribution, etc | 2004 |
| 300 ## - PHYSICAL DESCRIPTION | |
| Extent | xiii,166 pages ; |
| Dimensions | 23 cm. |
| 526 ## - STUDY PROGRAM INFORMATION NOTE | |
| Reading level | 1210L-1700L |
| 562 ## - COPY AND VERSION IDENTIFICATION NOTE | |
| Number of copies | 4 |
| 942 ## - ADDED ENTRY ELEMENTS (KOHA) | |
| Source of classification or shelving scheme | Library of Congress Classification |
| Koha item type | Books |
| Call number prefix | Filipininana |
| Withdrawn status | Lost status | Source of classification or shelving scheme | Damaged status | Home library | Current library | Shelving location | Date acquired | Source of acquisition | Total Checkouts | Total Renewals | Full call number | Barcode | Date last seen | Date checked out | Copy number | Price effective from | Koha item type | Sub Shelving location |
|---|---|---|---|---|---|---|---|---|---|---|---|---|---|---|---|---|---|---|
| Library of Congress Classification | Archives | Archives | 02/01/2013 | Donation | 1 | 1 | Q175 .M915 2004 | C4724 | 05/08/2018 | 11/23/2016 | 1 | 02/01/2013 | Books | |||||
| Library of Congress Classification | College Library | College Library | Filipiniana Section | 04/05/2013 | Q175 .M915 2004 | C4725 | 05/08/2018 | 1 | 04/05/2013 | Books | ||||||||
| Library of Congress Classification | College Library | College Library | Filipiniana Section | 04/05/2013 | Q175 .M915 2004 | C4727 | 05/08/2018 | 1 | 04/05/2013 | Books | ||||||||
| Library of Congress Classification | College Library | College Library | Filipiniana Section | 04/05/2013 | Q175 .M915 2004 | C4728 | 05/08/2018 | 1 | 04/05/2013 | Books | ||||||||
| Library of Congress Classification | College Library | College Library | Filipiniana Section | 09/07/2015 | Donation | 1 | 2 | Q 175 .M915 2004 | C19924 | 02/15/2019 | 01/09/2019 | 09/07/2015 | Books |